सहज कम्प्यूटर बोध 10मॉडलपेपर विषयवार अध्ययनमाला कम्प्यूटर शब्दावली (Record no. 62439)
[ view plain ]
| 000 -LEADER | |
|---|---|
| fixed length control field | 00624nam a22001457a 4500 |
| 003 - CONTROL NUMBER IDENTIFIER | |
| control field | MACL |
| 005 - DATE AND TIME OF LATEST TRANSACTION | |
| control field | 20200318125049.0 |
| 008 - FIXED-LENGTH DATA ELEMENTS--GENERAL INFORMATION | |
| fixed length control field | 200318b xxu||||| |||| 00| 0 eng d |
| 040 ## - CATALOGING SOURCE | |
| Transcribing agency | MACL |
| 100 ## - MAIN ENTRY--PERSONAL NAME | |
| Personal name | शर्मा आशीष |
| 9 (RLIN) | 36479 |
| 245 ## - TITLE STATEMENT | |
| Title | सहज कम्प्यूटर बोध 10मॉडलपेपर विषयवार अध्ययनमाला कम्प्यूटर शब्दावली |
| 260 ## - PUBLICATION, DISTRIBUTION, ETC. (IMPRINT) | |
| Place of publication, distribution, etc. | इन्दौर |
| Name of publisher, distributor, etc. | तक्षशिला पब्लिकेशन |
| Date of publication, distribution, etc. | 2020 |
| 650 ## - SUBJECT ADDED ENTRY--TOPICAL TERM | |
| Topical term or geographic name as entry element | कम्प्यूटर |
| 9 (RLIN) | 78689 |
| 942 ## - ADDED ENTRY ELEMENTS (KOHA) | |
| Source of classification or shelving scheme | |
| Koha item type | Hindi Books |
| Withdrawn status | Lost status | Source of classification or shelving scheme | Damaged status | Not for loan | Home library | Current library | Date acquired | Cost, normal purchase price | Total Checkouts | Full call number | Barcode | Date last seen | Date last checked out | Price effective from | Koha item type | Checked out |
|---|---|---|---|---|---|---|---|---|---|---|---|---|---|---|---|---|
| MACL | MACL | 18/03/2020 | 599.00 | 1 | 004 | GCLC00599 | 12/10/2021 | 06/10/2021 | 18/03/2020 | Hindi Books | ||||||
| MACL | MACL | 18/03/2020 | 599.00 | 2 | 004 | GCLC00604 | 30/12/2025 | 30/12/2025 | 18/03/2020 | Hindi Books | 15/01/2026 | |||||
| MACL | MACL | 18/03/2020 | 599.00 | 004 | GCLC00600 | 18/03/2020 | 18/03/2020 | Hindi Books | ||||||||
| MACL | MACL | 18/03/2020 | 599.00 | 004 | GCLC00601 | 18/03/2020 | 18/03/2020 | Hindi Books | ||||||||
| MACL | MACL | 18/03/2020 | 599.00 | 004 | GCLC00602 | 18/03/2020 | 18/03/2020 | Hindi Books | ||||||||
| MACL | MACL | 18/03/2020 | 599.00 | 004 | GCLC00603 | 18/03/2020 | 18/03/2020 | Hindi Books |









